000 00368nam a2200133Ia 4500
001 3558
008 241024s9999 xx 000 0 und d
082 _aRD/370.97293/R426r/2013
100 _aRepública Dominicana. Ministerio de Educación
245 0 _aRendición de cuentas 2013
260 _bSanto Domingo
_c2013
901 _a23/12/2013 11:41:55 a.m.
999 _c8973
_d8973